Skoczkowie którzy byli w czołowej dziesiątce PŚ 2013/14 - Statystyki

Ogólne statystyki
  • Ten quiz został rozwiązany 22 razy
  • Średni wynik to 39 z 50
Statystyki odpowiedzi
Narodowość BP Skoczek % Poprawnych
1 Noriaki Kasai
100%
4 Roman Koudelka
100%
2 Andreas Kofler
95%
1 Gregor Schlierenzauer
95%
Czechy 5 Jakub Janda
95%
Finlandia 5 Janne Ahonen
95%
1 Jan Ziobro
95%
1 Kamil Stoch
95%
Polska 1 Krzysztof Biegun
95%
5 Maciej Kot
95%
Kanada 9 Mackenzie Boyd-Clowes
95%
3 Michael Hayböck
95%
1 Peter Prevc
95%
5 Piotr Żyła
95%
1 Severin Freund
95%
Szwajcaria 1 Simon Ammann
95%
2 Stefan Kraft
95%
1 Thomas Morgenstern
95%
Japonia 3 Daiki Itō
91%
Słowenia 1 Jernej Damjan
91%
7 Klemens Murańka
91%
3 Richard Freitag
91%
3 Robert Kranjec
91%
Norwegia 1 Anders Bardal
86%
1 Andreas Wellinger
86%
10 Gregor Deschwanden
86%
6 Jan Matura
86%
2 Taku Takeuchi
82%
4 Anders Fannemel
77%
7 Andreas Stjernen
73%
Rosja 10 Denis Kornilov
73%
8 Dmitriy Vassiliev
73%
3 Jurij Tepeš
73%
Niemcy 8 Markus Eisenbichler
73%
Austria 1 Thomas Diethart
73%
8 Wolfgang Loitzl
73%
10 Andreas Wank
68%
1 Anssi Koivuranta
68%
4 Michael Neumayer
68%
Estonia 6 Kaarel Nurmsalu
59%
9 Lauri Asikainen
59%
4 Rune Velta
59%
2 Marinus Kraus
55%
9 Jarkko Määttä
50%
5 Reruhi Shimizu
50%
5 Mikhail Maksimochkin
45%
7 Nejc Dežman
41%
8 Manuel Poppinger
36%
9 Ole Marius Ingvaldsen
32%
8 Tomaž Naglić
27%
Nie znaleziono quizów pasujących do podanych kryteriów
Rozkład punktacji
Procent ludzi z każdym wynikiem
Percentyl według liczby udzielonych odpowiedzi
Twoja historia wyników
Nie rozwiązałeś tego quizu